000 00706nam a2200205Ii 4500
003 JO-AjNU
008 230605s9999||||xx |||||||||||||| ||und||
040 _aJO-AjNU
_bara
_erda
_cJO-AjNU
041 _aara
050 1 4 _aKMM108.9.1989
100 3 _aاعداد المكتب الفني بادارة ابراهيم ابو رحمة ,
_eauthor
_945879
245 0 0 _aقانون الشركات : قانون مؤقت رقم 1 لسنة 1989
250 _a(د،ط)
264 3 1 _aعمان : نقابة المحامين ، 1989
300 _a182ص
336 _atext
_btxt
_2rdacontent
337 _aunmediated
_bn
_2rdamedia
338 _avolume
_bnc
_2rdacarrier
650 4 _aقانون الشركات
_945880
999 _aA19919
_c23487
_d23487